|
|
|
|
| LEADER |
00000naa2a2200000 4500 |
| 001 |
394653 |
| 005 |
20231101064526.0 |
| 035 |
|
|
|a (RuTPU)RU\TPU\prd\31534
|
| 090 |
|
|
|a 394653
|
| 100 |
|
|
|a 20050111a2004 k y0rusy50 ca
|
| 101 |
0 |
|
|a rus
|
| 102 |
|
|
|a RU
|
| 200 |
1 |
|
|a Система управления технологическим процессом производства слабой азотной кислоты и амиачной селитры в агрегатах АК-72М и АС-72М на ферганском ПО "Азот"
|f Ф. Т. Адылов, Н. Н. Турапина, В. В. Перекрёстов, Н. Р. Юсупбеков
|
| 225 |
1 |
|
|a АСУ для помышленных предприятиях
|
| 461 |
|
1 |
|0 (RuTPU)RU\TPU\prd\2287
|t Промышленные АСУ и контроллеры
|o ежемесячный научно-технический производственный журнал
|d 2002-
|
| 463 |
|
1 |
|0 (RuTPU)RU\TPU\prd\26087
|t № 4
|v С. 1-6
|d 2004
|
| 610 |
1 |
|
|a системы управления
|
| 610 |
1 |
|
|a азотная кислота
|
| 610 |
1 |
|
|a производство
|
| 610 |
1 |
|
|a аммиачная силитра
|
| 610 |
1 |
|
|a управление технологическими процессами
|
| 701 |
|
1 |
|a Адылов
|b Ф. Т.
|
| 701 |
|
1 |
|a Турапина
|b Н. Н.
|
| 701 |
|
1 |
|a Перекрёстов
|b В. В.
|
| 701 |
|
1 |
|a Юсупбеков
|b Н. Р.
|
| 801 |
|
1 |
|a RU
|b 63413507
|c 20050111
|g PSBO
|
| 942 |
|
|
|c BK
|